[Event "NOR-chB"]
[Site "Oslo"]
[Date "2023.07.04"]
[Round "5"]
[White "Flyum, Geir Magne"]
[Black "Trondsen, Nicolai"]
[Result "1/2-1/2"]
[WhiteElo "1193"]
[BlackElo "1372"]
[PlyCount "93"]
[EventDate "2023.06.30"]
[EventType "swiss"]
[EventRounds "9"]
[EventCountry "NOR"]
[SourceTitle "EXT 2024"]
[Source "ChessBase"]
[SourceDate "2023.10.10"]
[SourceVersion "1"]
[SourceVersionDate "2023.10.10"]
[SourceQuality "1"]

1. d4 Nf6 2. Bf4 c5 3. e3 Qb6 4. b3 cxd4 5. Qxd4 Qxd4 6. exd4 d5 7. Nd2 Nc6 8. Ngf3 Bd7 9. c3 e6 10. Bd3 Ba3 11. b4 Bb2 12. Rb1 Bxc3 13. a3 Nxd4 14. 0-0 Nxf3+ 15. Nxf3 0-0 16. Rfc1 Rac8 17. Be5 Bxe5 18. Nxe5 Rxc1+ 19. Rxc1 Rc8 20. Rxc8+ Bxc8 21. Kf1 Nd7 22. Nf3 e5 23. Bf5 e4 24. Nd4 g6 25. Bg4 f5 26. Bd1 Kf7 27. f3 a6 28. a4 Nb6 29. a5 Nc4 30. Ke2 Kf6 31. f4 Bd7 32. Bb3 g5 33. Bxc4 dxc4 34. Ke3 h6 35. h3 Ba4 36. Ne2 h5 37. g3 h4 38. gxh4 gxh4 39. Nc3 Bc6 40. Nd1 Ke6 41. Kd4 Kd6 42. Ne3 Ke6 43. Nxc4 e3 44. Nxe3 Bh1 45. Kc5 Be4 46. Kd4 Bh1 47. Kc5 1/2-1/2